| 000 | 01057nam a2200313Ia 4500 | ||
|---|---|---|---|
| 003 | OSt | ||
| 005 | 20221007122114.0 | ||
| 006 | a|||||r|||| 00| 0 | ||
| 007 | ta | ||
| 008 | 221006b |||||||| |||| 00| 0 eng d | ||
| 020 | _a9810212984 (pbk) | ||
| 024 | _a9344 | ||
| 037 |
_bModern, _cTextual |
||
| 040 |
_aPAPL _cPAPL _beng |
||
| 041 |
_2eng _aeng |
||
| 082 | _aB7, N4 Carpa | ||
| 100 |
_aLim Yung-Kuo Ed _9713465 |
||
| 110 |
_aCompiled by: Physics coaching class university of science and technology of china _9713466 |
||
| 245 | 0 | _aProblems and solutions on mechanics | |
| 260 |
_aSingapore _bWorld Scientific _c1994 |
||
| 300 |
_aix, 757p _ccm. |
||
| 490 | _aMajor American Universities Ph.D. qualifying questions and solutions | ||
| 500 | _aIndex 751-757p | ||
| 650 |
_a Mechanics _9713467 |
||
| 650 | _aPhysics | ||
| 700 |
_aCompiled by: Physics coaching class university of science and technology of china _9713468 |
||
| 942 |
_hB7, N4 Carpa _cTEXL _2CC |
||
| 999 |
_c1209777 _d1209777 |
||